banner-ar

الجغرافيون والرحالة المسلمون فى بلاد الشام فى عصر الحروب الصليبية / (Record no. 49356)

MARC details
000 -الفاتح
حقل البيانات ثابتة الطول 01256nam a2200337Ia 4500
005 - وقت وتاريخ اخر تعامل مع التسجيلة
رقم الضبط 20240530104630.0
008 - عناصر البيانات ثابتة الطول - معلومات عامة
حقل البيانات ثابتة الطول 140319s1995 ua b 000 0 ara d
020 ## - الرقم الدولى المعيارى للكتب
الرقم الدولى المعيارى للكتاب 9775487269
040 ## - مصدر الفهرسة
وكالة الفهرسة الأصلية GCL /
وكالة النسخ GCL
082 04 - رقم تصنيف ديوى العشرى
رقم التصنيف 913.09/
رقم المادة م ج
100 0# - المدخل الرئيسى - إسم شخصى
الإسم الشخصى محمد مؤنس احمد عوض
245 12 - بيان العنوان
العنوان الجغرافيون والرحالة المسلمون فى بلاد الشام فى عصر الحروب الصليبية /
بيان المسئوليه,etc اعداد محمد مؤنس احمد عوض
250 ## - بيان الطبعة
بيان الطبعة ط.1
260 ## - PUBLICATION, DISTRIBUTION, ETC. (IMPRINT)
تاريخ النشر أو التوزيع 1995.
300 ## - الوصف المادى
التعداد 337 ص :
تفاصيل ماديه اخرى للوعاء الخرائط ؛
أبعاد الوعاء 24سم.
630 0# - المدخل الاضافى بالموضوع - عنوان موحد
عنوان موحد القزوينى
630 0# - المدخل الاضافى بالموضوع - عنوان موحد
عنوان موحد الادريسى
630 0# - المدخل الاضافى بالموضوع - عنوان موحد
عنوان موحد ابن سعيد المغربى
630 0# - المدخل الاضافى بالموضوع - عنوان موحد
عنوان موحد ابوالفدا
630 0# - المدخل الاضافى بالموضوع - عنوان موحد
عنوان موحد السمعانى
630 0# - المدخل الاضافى بالموضوع - عنوان موحد
عنوان موحد اسامة ابن منقذ
630 0# - المدخل الاضافى بالموضوع - عنوان موحد
عنوان موحد السائح الهروى
630 0# - المدخل الاضافى بالموضوع - عنوان موحد
عنوان موحد ابن جبير
650 07 - المدخل الاضافى بالموضوع-مصطلح موضوعى
مصطلح موضوعي الرحالة العرب
مصدر الرأس أو المصطلح qrmak
650 07 - المدخل الاضافى بالموضوع-مصطلح موضوعى
مصطلح موضوعي المستكشفون
مصدر الرأس أو المصطلح qrmak
650 07 - المدخل الاضافى بالموضوع-مصطلح موضوعى
مصطلح موضوعي الجغرافيون العرب
مصدر الرأس أو المصطلح qrmak
650 07 - المدخل الاضافى بالموضوع-مصطلح موضوعى
مصطلح موضوعي الكشوف الجغرافية
مصدر الرأس أو المصطلح qrmak
651 ## - المدخل الاضافى بالموضوع - اسم جغرافى
مصدر الرأس أو المصطلح qrmak
الاسم الجغرافي الشام
التقسيم الفرعي العام وصف ورحلات
942 ## - عناصر المدخل الإضافي( كوها)
مصدر التصنيف او مخطط الترفيف Dewey Decimal Classification
Koha [default] item type كتاب
260 ## - PUBLICATION, DISTRIBUTION, ETC. (IMPRINT)
-- القاهرة :
-- عين للدراسات والبحوث الانسانية والاجتماعية،
Holdings
حالة التراجع حالة الفقد حالة تلف ليس للاعارة المكان المؤقت الموقع الحالى تاريخ الاكتساب اجمالي اﻻعارات رقم الطلب الباركود تاريخ اخر مشاهدة تاريخ تفعيل السعر نوع وعاء كوها
        مكتبة القاهرة الكبرى مكتبة القاهرة الكبرى 03/26/2014   913.09\م ج 118621 03/26/2014 03/26/2014 كتاب
        مكتبة القاهرة الكبرى مكتبة القاهرة الكبرى 03/26/2014   913.09\م ج 118622 03/26/2014 03/26/2014 كتاب
        مكتبة القاهرة الكبرى مكتبة القاهرة الكبرى 03/26/2014   913.09\م ج 118623 03/26/2014 03/26/2014 كتاب

Powered By

EGPV